The science and engineering of materials / (Record no. 599123)
[ view plain ]
| 000 -LEADER | |
|---|---|
| fixed length control field | 00292nam a2200109Ia 4500 |
| 008 - FIXED-LENGTH DATA ELEMENTS--GENERAL INFORMATION | |
| fixed length control field | 230907s9999||||xx |||||||||||||| ||und|| |
| 082 ## - DEWEY DECIMAL CLASSIFICATION NUMBER | |
| Classification number | 620.11 |
| Author Mark | ASK |
| 100 ## - MAIN ENTRY--PERSONAL NAME | |
| Personal name | Askeland, Donald R., |
| 9 (RLIN) | 14727 |
| 245 #4 - TITLE STATEMENT | |
| Title | The science and engineering of materials / |
| 300 ## - PHYSICAL DESCRIPTION | |
| Extent | xx, 870 pages : |
| 942 ## - ADDED ENTRY ELEMENTS (KOHA) | |
| Koha item type | Book |
| Withdrawn status | Lost status | Damaged status | Not for loan | Permanent Location | Current Location | Date acquired | Total Checkouts | Full call number | Barcode | Date last seen | Date last checked out | Price effective from | Koha item type |
|---|---|---|---|---|---|---|---|---|---|---|---|---|---|
| US-Pakistan Center for Advanced Studies in Energy (USPCAS-E) | US-Pakistan Center for Advanced Studies in Energy (USPCAS-E) | 08/19/2019 | 1 | 620.11 ASK | CAS-E0003222 | 12/24/2025 | 12/04/2025 | 09/12/2023 | Book |
